Избранные антирелигиозные произведения / (Record no. 484421)
[ view plain ]
| 000 -LEADER | |
|---|---|
| fixed length control field | 00783nam a2200205 a 4500 |
| 001 - CONTROL NUMBER | |
| control field | 000587548 |
| 003 - CONTROL NUMBER IDENTIFIER | |
| control field | AM-YeHGA |
| 005 - DATE AND TIME OF LATEST TRANSACTION | |
| control field | 20250904105103.0 |
| 008 - FIXED-LENGTH DATA ELEMENTS--GENERAL INFORMATION | |
| fixed length control field | 080624s1934 ru | |||||||||||||rus|d |
| 040 ## - CATALOGING SOURCE | |
| Original cataloging agency | AM-YeHGA |
| 041 1# - LANGUAGE CODE | |
| Language code of text/sound track or separate title | rus |
| 100 1# - MAIN ENTRY--PERSONAL NAME | |
| Personal name | Гольбах, Поль Анри |
| 245 10 - TITLE STATEMENT | |
| Title | Избранные антирелигиозные произведения / |
| Statement of responsibility, etc. | Поль Анри Дитрих Гольбах; Под общ. ред. и с предисл. В.И. Невского. |
| 260 ## - PUBLICATION, DISTRIBUTION, ETC. | |
| Place of publication, distribution, etc. | Москва : |
| Name of publisher, distributor, etc. | ОГИЗ, |
| Date of publication, distribution, etc. | 1934. |
| 300 ## - PHYSICAL DESCRIPTION | |
| Extent | том ; |
| Dimensions | 20 см. |
| 505 10 - FORMATTED CONTENTS NOTE | |
| Miscellaneous information | Т. 1 (1934; XXXV, 659 с.) |
| 650 14 - SUBJECT ADDED ENTRY--TOPICAL TERM | |
| Topical term or geographic name entry element | Антирелигиозная пропаганда |
| 700 1# - ADDED ENTRY--PERSONAL NAME | |
| Personal name | Невский, В.И. |
| Relator term | ред. |
| Relationship | edt |
| Relator term | предисл. |
| Relationship | aui |
| 942 ## - ADDED ENTRY ELEMENTS (KOHA) | |
| Source of classification or shelving scheme | Universal Decimal Classification |
| Koha item type | Գրքեր / Books |
| Withdrawn status | Lost status | Source of classification or shelving scheme | Damaged status | Not for loan | Collection | Home library | Current library | Date acquired | Serial enumeration / chronology | Total checkouts | Full call number | Barcode | Date last seen | Price effective from | Koha item type | Public note |
|---|---|---|---|---|---|---|---|---|---|---|---|---|---|---|---|---|
| Universal Decimal Classification | General | Fundamental Scientific Library | Fundamental Scientific Library | 01/04/2019 | Т. 1 | РД II/55615 | FL0569268 | 01/04/2019 | 01/04/2019 | Գրքեր / Books | 30 Days Loan | |||||
| Kusikian Individual Collection | Fundamental Scientific Library | Fundamental Scientific Library | 29/04/2025 | Т. 1 | Кус/2653 | FL0690404 | 29/04/2025 | 29/04/2025 | Գրքեր / Books | ILL Non-Circ. |
ՀՀ Գիտությունների ազգային ակադեմիայի հիմնարար գիտական գրադարան = Fundamental Scientific Library of NAS RA
All site content, except where otherwise noted, is licensed under a